000 00896 a2200205 4500
008 110728t xxu||||| |||| 00| 0 eng d
020 _a9966467475
050 _aDT20
_b.G45 1990
245 _aGeneral history of africa.:
_bVll Africa under colonial domination 1880-1935/
_cedited by A. Adu Boahen
250 _aA bridged edition
260 _bEast African Educational Publishers
_c1990
_aNairobi
300 _aXxi,357p.
_c21cm
440 _aUNESCO
500 _aIncludes bibliographical refernces and index
650 _bAfrican-history
700 _aA.Adu Boahen (ed.)
942 _cBK
_2lcc
999 _c38339
_d38339